[Event "UKR-ch 92nd"]
[Site "Lvov"]
[Date "2024.12.14"]
[Round "1"]
[White "Kolb, Denys"]
[Black "Vetoshko, Volodymyr"]
[Result "0-1"]
[WhiteElo "1796"]
[BlackElo "2528"]
[PlyCount "114"]
[EventDate "2024.12.14"]
[EventType "swiss"]
[EventRounds "9"]
[EventCountry "UKR"]
[SourceTitle "CB52_2024"]
[SourceDate "2024.12.25"]
[SourceVersion "1"]
[SourceVersionDate "2024.12.25"]
[SourceQuality "1"]

1. d4 Nf6 2. c4 e6 3. Nc3 d5 4. Bg5 Bb4 5. e3 c5 6. cxd5 Qa5 7. Bxf6 Bxc3+ 8. bxc3 Qxc3+ 9. Ke2 gxf6 10. Rc1 Qb4 11. Rxc5 Nd7 12. Rc2 Nb6 13. Qd2 Qa4 14. Ke1 Nxd5 15. Ne2 Bd7 16. e4 Nb6 17. Nc3 Qb4 18. Nb5 Qb1+ 19. Qd1 Qxd1+ 20. Kxd1 Ke7 21. Kd2 Rhg8 22. g3 Rg5 23. Nc3 Rc8 24. Bd3 Nc4+ 25. Bxc4 Rxc4 26. Kd3 Rc8 27. Rhc1 Ra5 28. Rb2 b6 29. Ne2 Rxc1 30. Nxc1 Bb5+ 31. Kd2 Bc6 32. Kd3 f5 33. e5 Bd5 34. Ke3 Ra3+ 35. Ke2 Kd7 36. Rc2 Be4 37. Rb2 Bd5 38. Rc2 f4 39. Kd2 Rf3 40. Ke2 Ra3 41. Kd2 Ra4 42. Kd3 f3 43. Ke3 Ra3+ 44. Kf4 Ra4 45. Rd2 Rc4 46. Nb3 a5 47. Kg5 a4 48. Na1 Be4 49. Kf4 Bg6 50. Rd1 Kc6 51. g4 Kd5 52. Kxf3 Rxd4 53. Re1 Rd3+ 54. Kf4 Rd2 55. h4 Rxf2+ 56. Kg5 h5 57. Kh6 hxg4 0-1

[Event "UKR-ch 91st"]
[Site "Poltava"]
[Date "2023.12.17"]
[Round "9"]
[White "Kolb, Denys"]
[Black "Ovcharov, Taras"]
[Result "1/2-1/2"]
[WhiteElo "1551"]
[BlackElo "1976"]
[PlyCount "73"]
[EventDate "2023.12.09"]
[EventType "swiss"]
[EventRounds "9"]
[EventCountry "UKR"]
[SourceTitle "CBM 217 Extra"]
[Source "ChessBase"]
[SourceDate "2024.01.31"]
[SourceVersion "1"]
[SourceVersionDate "2024.01.31"]
[SourceQuality "1"]

1. d4 b6 2. c4 Bb7 3. Nc3 e6 4. Nf3 Bb4 5. e3 Nf6 6. Bd3 Ne4 7. Bxe4 Bxe4 8. 0-0 Bb7 9. Re1 f5 10. d5 Bxc3 11. bxc3 Qe7 12. Qb3 e5 13. Ba3 d6 14. Nd4 0-0 15. Ne6 Re8 16. c5 Na6 17. cxd6 cxd6 18. c4 Bc8 19. Rad1 Bxe6 20. dxe6 Nc5 21. Bxc5 bxc5 22. Qd3 Qxe6 23. Qxd6 Qxc4 24. Rc1 Qxa2 25. Rxc5 Qe6 26. Qxe6+ Rxe6 27. Rd1 Kf7 28. Rd7+ Re7 29. Rdd5 Kf6 30. g3 g5 31. Kf1 g4 32. Kg2 h5 33. h4 gxh3+ 34. Kxh3 Rg8 35. Ra5 Rg4 36. Ra6+ Kg7 37. Rda5 1/2-1/2

[Event "Wch Disabilities 5th"]
[Site "Lublin"]
[Date "2023.08.21"]
[Round "3"]
[White "Andriienko, Artom"]
[Black "Kolb, Denys"]
[Result "1-0"]
[WhiteElo "1878"]
[BlackElo "1545"]
[PlyCount "79"]
[EventDate "2023.08.19"]
[EventType "swiss"]
[EventRounds "9"]
[EventCountry "POL"]
[SourceTitle "CBM 215 Extra"]
[Source "ChessBase"]
[SourceDate "2023.09.30"]
[SourceVersion "1"]
[SourceVersionDate "2023.09.30"]
[SourceQuality "1"]

1. Nf3 d5 2. c4 d4 3. b4 Bg4 4. Ne5 Bf5 5. e3 dxe3 6. fxe3 Nd7 7. Bb2 Nxe5 8. Bxe5 e6 9. Be2 Nf6 10. 0-0 Be7 11. d4 0-0 12. Qb3 Bd6 13. Bxd6 Qxd6 14. Nd2 Ne4 15. Rad1 Nxd2 16. Rxd2 Be4 17. b5 a6 18. Rf4 f5 19. c5 Qd7 20. c6 bxc6 21. bxa6 Rfb8 22. Qc3 Bd5 23. Rb2 Rxb2 24. Qxb2 c5 25. dxc5 Qc6 26. Qb4 Bxg2 27. Bb5 Qd5 28. Rd4 Qf3 29. Qd2 c6 30. Qxg2 Qxe3+ 31. Qf2 Qxf2+ 32. Kxf2 cxb5 33. c6 Kf7 34. c7 Rxa6 35. c8Q Rxa2+ 36. Ke3 Ra3+ 37. Kf4 Ra4 38. Rxa4 bxa4 39. Ke5 g6 40. Qd7+ 1-0

[Event "Wch Disabilities 5th"]
[Site "Lublin"]
[Date "2023.08.19"]
[Round "1"]
[White "Filippskikh, Oleksii"]
[Black "Kolb, Denys"]
[Result "1-0"]
[WhiteElo "2009"]
[BlackElo "1545"]
[PlyCount "85"]
[EventDate "2023.08.19"]
[EventType "swiss"]
[EventRounds "9"]
[EventCountry "POL"]
[SourceTitle "CBM 215 Extra"]
[Source "ChessBase"]
[SourceDate "2023.09.30"]
[SourceVersion "1"]
[SourceVersionDate "2023.09.30"]
[SourceQuality "1"]

1. d4 d5 2. c4 e6 3. Nc3 Nf6 4. Bg5 Be7 5. e3 0-0 6. Nf3 h6 7. Bh4 Ne4 8. Bxe7 Nxc3 9. Bxd8 Nxd1 10. Be7 Re8 11. Ba3 Nxf2 12. Kxf2 Nd7 13. Ne5 f6 14. Nxd7 Bxd7 15. Rc1 c6 16. Bd3 Kf7 17. h4 h5 18. e4 e5 19. cxd5 exd4 20. Bc5 f5 21. exf5 cxd5 22. Bxd4 Rac8 23. Rxc8 Rxc8 24. Rh3 a6 25. Rg3 Rg8 26. Rg5 Bb5 27. Bxb5 axb5 28. Rxh5 Re8 29. Rg5 Re4 30. Bxg7 Rxh4 31. g4 Rh2+ 32. Ke3 Rc2 33. Be5 Rc4 34. Bd4 Kf8 35. f6 Ra4 36. Rxd5 Rxa2 37. Rd7 Ra6 38. Bc5+ Ke8 39. f7+ Kxd7 40. f8Q Re6+ 41. Kd4 Re1 42. Kd5 Rd1+ 43. Bd4 1-0

[Event "Kiev Spring op"]
[Site "Kiev"]
[Date "2023.03.31"]
[Round "9"]
[White "Romanov, Vladimir"]
[Black "Kolb, Denys"]
[Result "1/2-1/2"]
[WhiteElo "1992"]
[BlackElo "1502"]
[PlyCount "72"]
[EventDate "2023.03.25"]
[EventType "swiss"]
[EventRounds "9"]
[EventCountry "UKR"]
[SourceTitle "EXT 2024"]
[Source "ChessBase"]
[SourceDate "2023.10.10"]
[SourceVersion "1"]
[SourceVersionDate "2023.10.10"]
[SourceQuality "1"]

1. e4 e6 2. d4 d5 3. e5 c5 4. c3 Nc6 5. Nf3 Qb6 6. Bd3 Bd7 7. dxc5 Bxc5 8. b4 Be7 9. 0-0 f6 10. Bf4 fxe5 11. Nxe5 Nxe5 12. Bxe5 Nf6 13. Nd2 0-0 14. Nf3 Bd6 15. Bd4 Qc7 16. Re1 Rae8 17. Ne5 Re7 18. Re3 Be8 19. Qe2 g6 20. g3 Nd7 21. Ng4 e5 22. Re1 Bf7 23. Nxe5 Nxe5 24. Bxe5 Bxe5 25. Rxe5 Rxe5 26. Qxe5 Qxe5 27. Rxe5 Rc8 28. Kf1 Rxc3 29. Ke2 Ra3 30. Re7 Rxa2+ 31. Ke3 b6 32. b5 Kf8 33. Rd7 Ra4 34. h4 h5 35. f3 Ke8 36. Rc7 Kf8 1/2-1/2

[Event "Kiev Spring op"]
[Site "Kiev"]
[Date "2023.03.30"]
[Round "8"]
[White "Kolb, Denys"]
[Black "Darda, Roman"]
[Result "0-1"]
[WhiteElo "1502"]
[BlackElo "1942"]
[PlyCount "152"]
[EventDate "2023.03.25"]
[EventType "swiss"]
[EventRounds "9"]
[EventCountry "UKR"]
[SourceTitle "EXT 2024"]
[Source "ChessBase"]
[SourceDate "2023.10.10"]
[SourceVersion "1"]
[SourceVersionDate "2023.10.10"]
[SourceQuality "1"]

1. d4 d5 2. c4 Bf5 3. Nc3 e6 4. cxd5 exd5 5. Qb3 Nc6 6. Qxd5 Qxd5 7. Nxd5 0-0-0 8. Ne3 Nxd4 9. Bd2 Bg6 10. Nf3 Nxf3+ 11. exf3 Nf6 12. Bc4 Bc5 13. Ke2 Rhe8 14. Rhd1 Nd5 15. Bxd5 Rxd5 16. Bc3 Rxd1 17. Rxd1 f6 18. b4 Bd6 19. h3 Bf7 20. Rd2 a6 21. Kd1 Bf8 22. a3 Rd8 23. Rxd8+ Kxd8 24. Kd2 Kd7 25. Kd3 Kc6 26. Nd1 Kb5 27. Nb2 Bb3 28. Bd4 a5 29. Kc3 a4 30. Nd3 b6 31. Be3 Bc4 32. h4 Bxd3 33. Kxd3 c5 34. bxc5 Bxc5 35. Bxc5 Kxc5 36. Kc3 g6 37. Kd3 b5 38. Kc3 Kd5 39. Kb4 Kc6 40. Kc3 Kc5 41. g3 h6 42. g4 g5 43. h5 Kd5 44. Kd3 Kc5 45. Kc3 Kd5 46. Kd3 Ke5 47. Kc3 Kf4 48. Kb4 Kxf3 49. Kxb5 Kxg4 50. Kxa4 Kf3 51. Kb5 Kxf2 52. a4 g4 53. a5 g3 54. a6 g2 55. a7 g1Q 56. a8Q Qg5+ 57. Kc4 Qxh5 58. Qa7+ Kf3 59. Qb7+ Kf4 60. Qc7+ Qe5 61. Qd8 h5 62. Qd2+ Kf5 63. Kb3 h4 64. Qd3+ Kf4 65. Qf1+ Kg4 66. Qd1+ Kg5 67. Ka2 Qg3 68. Qd2+ Kg6 69. Qc2+ f5 70. Qc6+ Kg5 71. Qd5 h3 72. Qg8+ Kf4 73. Qb8+ Kf3 74. Qb3+ Kg2 75. Qd5+ Qf3 76. Qg8+ Kh1 0-1

[Event "Kiev Spring op"]
[Site "Kiev"]
[Date "2023.03.27"]
[Round "3"]
[White "Kolb, Denys"]
[Black "Baranovsky, Sergey"]
[Result "0-1"]
[WhiteElo "1502"]
[BlackElo "1889"]
[PlyCount "94"]
[EventDate "2023.03.25"]
[EventType "swiss"]
[EventRounds "9"]
[EventCountry "UKR"]
[SourceTitle "EXT 2024"]
[Source "ChessBase"]
[SourceDate "2023.10.10"]
[SourceVersion "1"]
[SourceVersionDate "2023.10.10"]
[SourceQuality "1"]

1. d4 Nf6 2. c4 e6 3. Nc3 Bb4 4. Nf3 d5 5. Bg5 c6 6. a3 Bxc3+ 7. bxc3 dxc4 8. e3 Qa5 9. Bxf6 Qxc3+ 10. Nd2 gxf6 11. Bxc4 Nd7 12. 0-0 Nb6 13. Ne4 Qa5 14. Bb3 Ke7 15. Qg4 Qf5 16. Qxf5 exf5 17. Nc5 Nd7 18. Rfc1 b6 19. Nd3 Bb7 20. Rc3 Rhg8 21. Nf4 Rac8 22. Bc2 c5 23. d5 Ne5 24. Bxf5 Rcd8 25. Rd1 Ng6 26. Bxg6 hxg6 27. e4 Ba6 28. Re3 Kd6 29. f3 Bb5 30. Kf2 Rh8 31. h3 Rb8 32. Rb1 Bd7 33. Ne2 b5 34. Reb3 a5 35. Ke3 Rhc8 36. Rc1 a4 37. Rb2 b4 38. axb4 cxb4 39. Rxc8 Bxc8 40. Nc1 Ba6 41. Kd4 Bf1 42. Rf2 b3 43. f4 b2 44. e5+ Kd7 45. e6+ fxe6 46. dxe6+ Kxe6 47. Rxf1 b1Q 0-1